00000000nam##2200000za#4500
0019.602203
003CaOODSP
00520210624210443
007cr |||||||||||
008150406|2001||||xxc|||||o    f|0| 0 fre|d
040 |aCaOODSP|bfre
043 |an-cn---
0861 |aNH18-23/96F-PDF
1102 |aSociété canadienne d'hypothèques et de logement.
24510|aL'évolution de l'habitation dans les villes champignons à industrie unique |h[ressource électronique]
260 |aOttawa - Ontario : |bSociété canadienne d'hypothèques et de logement |cNovembre 2001.
300 |a4p.
4901 |aLe point en recherche. Série socio-économique |v96
500 |aSur la couverture : Ce Point en recherche est fondé sur une recherche réalisée en 1998 en vertu du Programme de subventions de recherche
590 |a11-23-Supp|b2011-10-17
69107|aLogement|2gcpds
69107|aMarché du travail|2gcpds
77508|tHousing transition in single industry 'instant towns' |w(CaOODSP)9.571778
7760#|tL'évolution de l'habitation dans les villes champignons à industrie unique |w(CaOODSP)9.625894
830#0|aLe point en recherche. Série socio-économique ;|v96|w(CaOODSP)9.501568
85640|ahttp://publications.gc.ca|qPDF|s103 Ko|uhttps://publications.gc.ca/collections/Collection/NH18-23-96F.pdf|y96